The Impossible Quiz In JetPunk - Statistics

General Stats
  • This quiz has been taken 41 times
    5 since last reset
  • The average score is 10 of 50
Answer Stats
Question Answer % Correct
.sdrawkcaB noitseuQ sihT rewsnA K.O
100%
How Many Holes In A Polo? Four
75%
Now, Don't Touch Blue! Next Question
75%
Can A Match Box? No, But A Tin Can
75%
Square Root Of Onion Shallots
75%
SEARCH! Yes!
75%
The Answer Is Really Big An Elephant
50%
Remember: Blue, Red, Blue Yellow O.K.
50%
(Nice One.) Look Carefully ,
25%
How Many Zeros in This Question? 00000000000000 12
25%
24 - 7? 17
25%
44 44
25%
What Would You Say If You Seen a Dancing Cupcake? Abundance
25%
What Do You Call a Wingless Fly? A Walk
25%
What are The Main Ingredients of Shampoo? Babycham And Human Faeces
25%
I Like Chickens I Don't
25%
Mary Rose Sat On a Pin Mary Rose
25%
The Choice Is Yours No Questions
25%
Don't Click a Answer With "G" In It. Okay
25%
Elephants Don't Like Mice! Okay?
25%
Eyes OMJ
25%
Click The Answer OUT OF ORDER
25%
Deal Or No Deal? Seal!
25%
Click The Smallest The Smallest
25%
I Hope You've Been Paying Attention In School! (2,856 - 723 + 9,205 = ?) P.S, There's a Timer too obv 11,338
0%
What Is The Answer To Life, The Universe And Everything? (Hint: It's 42) 42
0%
Dufhep Roveims Again?!
0%
Which Of These Place Names Doesn't Exist? Arsefacey
0%
Save Changes To 'Untitled'? Bran
0%
What Flavor Is Cardboard? Egg Mayonnaise
0%
!@#$%&()-_=+\;:"*/•©€£µ½<>[]{}|¦¶°~^',.? Eifeptial
0%
Which Is the Correct Spelling? Encephalitogens
0%
What Sound Does A Bell Make? F'taang
0%
Name a Color That Is In Boggy. Green
0%
What Is The 7th Letter Of The Alphabet? H
0%
Stop... Hammer
0%
Neigh! Whinny! Horse
0%
Choose Food Jaw
0%
What Follows December 2nd? n
0%
Soshy Pengaul Now You're Just Making Up Words
0%
Can You Get This Question Wrong? Of Course Not
0%
Hsinav Omga
0%
If You Press an Answer with the Color Red on It, Don't Click It! Orange
0%
How Do You Kill a Werewolf? Shoe Polish
0%
Snake? Snake?! Snaaaake!
0%
What Was The Answer To Question 2? The Third One.
0%
Bridget Makes Everyone... Tom Cruise
0%
What Can You Put In A Bucket To Make It Lighter? Torch
0%
Hint: Read One Letter Each Uhhhhhhhhhhhhhhhh
0%
Woof. Woof. Woof. Woof. Woof.
0%
No matching quizzes found
Score Distribution
Percent of People with Each Score
Percentile by Number Answered
Your Score History
You have not taken this quiz since the last reset